000 00699nam a2200253Ia 4500
003 OSt
005 20220926011822.0
006 a|||||r|||| 00| 0
007 ta
008 220923b |||||||| |||| 00| 0 eng d
037 _cGeneral Book
040 _aRTL
_cRTL
_beng
041 _2eng
_aeng
082 _aX:31-8F, L7
100 _aABT Clarck C
_9314977
245 0 _aSocial audit for management
260 _aNew York
_bAMACOM
_c1977
300 _aviii, 278p
_ccm.
490 _aAmerican Management Association publication
500 _aAppendix P 233-59
650 _aNational Income
942 _hX:31-8F, L7
_cGB
_2CC
999 _c621037
_d621037